| 000 | 03172nam0a2200397 4500 | ||
|---|---|---|---|
| 001 | RU\NLR\BIBL_A\012729635 | ||
| 005 | 20220407130057.0 | ||
| 010 |
_a978-5-88156-875-7 _9300 |
||
| 021 |
_aRU _bКН-П-21-085268 _9КН-П-21-6790 |
||
| 035 | _a(NLR Aleph) 012729635 | ||
| 035 | _a(RuMoRGB)010906560 | ||
| 090 |
_a12967691 _c12967691 |
||
| 100 | _a20220315d2021 k y0rusy50 ca | ||
| 101 | 0 | _arus | |
| 102 | _aRU | ||
| 105 | _aa|||z|||100zy | ||
| 181 | 0 |
_ai _baxxe |
|
| 182 | 1 | _an | |
| 200 | 1 |
_aИдеи молодых ученых - агропромышленному комплексу: естественнонаучные, гуманитарные и педагогические науки _eматериалы студенческой научной конференции Института ветеринарной медицины (Троицк, 2021) _fМинистерство сельского хозяйства Российской Федерации, Департамент научно-технологической политики и образования, Федеральное государственное бюджетное образовательное учреждение высшего образования "Южно-Уральский государственный аграрный университет" _gпод ред. канд. экон. наук, доцента Н.С. Низамутдиновой |
|
| 203 |
_aТекст _bвизуальный _cнепосредственный |
||
| 210 |
_aЧелябинск _cФГБОУ ВО "Южно-Уральский ГАУ" _d2021 |
||
| 215 |
_a261 с. _cил., табл. _d20 |
||
| 320 | _aБиблиогр. в конце докл. | ||
| 330 | _aМатериалы студенческой научной конференции Института ветеринарной медицины "Идеи молодых ученых-агропромышленному комплексу: естественнонаучные, гуманитарные и педагогические науки" проходивших в городе Троицк в 2021 году | ||
| 606 | 1 |
_aЕстественные науки _jСъезды, совещания и т.п _91204781 _3RU\NLR\AUTH\66488245 |
|
| 606 | 1 |
_aСельскохозяйственная экология _jСъезды, совещания и т.п _91133792 _3RU\NLR\AUTH\66450547 |
|
| 686 | 1 | _aБ.я431(2) | |
| 686 | 1 | _aП028я431(2) | |
| 702 | 1 |
_aНизамутдинова _bН. С. _gНаталья Сергеевна _4340 |
|
| 711 | 0 | 2 |
_aЮжно-Уральский государственный аграрный университет _bИнститут ветеринарной медицины _bСтуденческая научная конференция _cТроицк _f2021 _9789793 _3RU\NLR\AUTH\880561302 |
| 712 | 0 | 2 |
_4557 _aЮжно-Уральский государственный аграрный университет _cТроицк _9583810 _3RU\NLR\AUTH\880460563 |
| 942 | _cBOOK | ||
| 980 | _aNB | ||